000 00647nam a2200241Ia 4500
005 20260430150459.0
008 008 250103s9999 xx 000 0 eng d
037 _aTheses
040 _aCRL
040 _beng
040 _ceng
041 _2eng
041 _aeng
084 _qCRL
100 _aNidhi Au.; Rakesh Kumar Gu.
_91237632
245 0 _aDesign, Synthesis and Biological Evaluation of Newer Isatin and Dihydropyridine Scaffolds
260 _c2022
300 _a242p.
650 _aChemistry
700 _aUniversity of Delhi. Faculty of Science. Deptt.of Chemistry
_91237633
942 _cTH
999 _c1849879
_d1849879